|
|
|
|
| LEADER |
00000nam0a2200000 4500 |
| 001 |
78267 |
| 005 |
20231101212959.0 |
| 035 |
|
|
|a (RuTPU)RU\TPU\book\83881
|
| 090 |
|
|
|a 78267
|
| 100 |
|
|
|a 20050615d2005 m y0rusy50 ca
|
| 101 |
0 |
|
|a rus
|
| 102 |
|
|
|a RU
|
| 105 |
|
|
|a ac z 000ay
|
| 200 |
1 |
|
|a Обо всем понемножку
|f Т. Ю. Могилевская
|g худож. В. И. Елгазин
|
| 210 |
|
|
|a Томск
|c [Б. и.]
|d 2005
|
| 215 |
|
|
|a 120 с.
|c ил.
|
| 316 |
|
|
|5 63413507: 05-1262
|a С автографом автора. На обложке дарственная надпись: "В дар АХЛ от автора Могилевская 30.5.05"
|
| 318 |
|
|
|5 63413507
|a "Томск - любовь моя и судьба" - творчество писателей-томичей
|b выставка
|
| 606 |
1 |
|
|a Русская литература современная
|2 stltpush
|3 (RuTPU)RU\TPU\subj\26373
|9 50316
|
| 610 |
1 |
|
|a художественная литература
|
| 610 |
1 |
|
|a проза
|
| 610 |
1 |
|
|a рассказы
|
| 610 |
1 |
|
|a мемуары
|
| 610 |
1 |
|
|a 20 век
|
| 610 |
1 |
|
|a Коллекция ТПУ
|
| 610 |
1 |
|
|a дарственные надписи
|
| 610 |
1 |
|
|a дары автора
|
| 675 |
|
|
|a Р2
|v 3
|
| 700 |
|
1 |
|a Могилевская
|b Т. Ю.
|c специалист в области электротехники
|c доцент Томского политехнического университета, кандидат технических наук
|c выпускница энергетического факультета ТПИ 1945 г.
|f 1922-
|g Тамара Юрьевна
|2 stltpush
|3 (RuTPU)RU\TPU\pers\8861
|
| 702 |
|
1 |
|a Елгазин
|b В. И.
|c специалист в области электротехники
|c доцент Томского политехнического университета
|f 1925-
|g Виктор Иванович
|2 stltpush
|3 (RuTPU)RU\TPU\pers\27226
|4 440
|9 12690
|
| 801 |
|
1 |
|a RU
|b 63413507
|c 20050615
|g PSBO
|
| 801 |
|
2 |
|a RU
|b 63413507
|c 20210118
|g PSBO
|
| 942 |
|
|
|c BK
|